000 01004nac a22002897a 4500
001 BR7600355
003 BR-BrBNA
005 20240105113909.0
008 230509b bl.|||m| |||| 00| 0 por d
040 _aBR-BrBNA
_bpor
_cBiblioteca Nacional de Agricultura
072 _aL00; L70; L30
090 _a5213 BR7600355
110 1 _aEmpresa Brasileira de Pesquisa Agropecuaria, Brasilia, DF
_93834
245 1 _aSistemas de producao para gado de corte - Regiao do Pantanal Matogrossense [Brasil]
260 3 _aCuiaba, MT (Brasil):
_bAssociacao de Credito e Assistencia Rural do Estado de Mato Grosso,
_c1975.
300 _a38 p.
490 _aCircular - Empresa Brasileira de Pesquisa Agropecuaria (Brazil)
_vno. 32
_x
650 _aGADO DE CORTE
650 _aCRIACAO
650 _aHIGIENE VETERINARIA
650 _aMEDICAMENTO
650 _aVACINA
650 _aPANTANAL MATOGROSSENSE
650 _aMATO GROSSO
909 _a202312
_bLúcia Elande
_c55
_dLúcia Elande
942 _2AGRIS
_n0
_cMS
999 _c266213
_d266213